|
|
|
|
| LEADER |
01293nam a2200301 a 4500 |
| 001 |
GR-MES15016 |
| 008 |
000321s1999 nyu 000 b eng d |
| 020 |
|
|
|a 0070125821
|
| 040 |
|
|
|a GrPaTEI
|b gre
|c GR-PaULI
|
| 040 |
|
|
|a GrPaTEI
|b gre
|c GR-PaULI
|
| 082 |
|
0 |
|a 629.8
|2 21
|
| 245 |
0 |
0 |
|a Process/industrial instruments and controls handbook /
|c Editor Gregory K. McMillan, Douglas M. Considine.
|
| 250 |
|
|
|a 5th ed.
|
| 260 |
|
|
|a New York :
|b McGraw-Hill,
|c 1999
|
| 300 |
|
|
|c διαγ.
|a vi., 1158 σ. ;
|c 26 εκ.
|
| 500 |
|
|
|a Περιλαμβάνει ευρετήριο.
|
| 650 |
|
0 |
|a Automatic control handbooks, manuals, etc.
|
| 650 |
|
0 |
|a Engineering instruments handbooks, manuals, etc.
|
| 650 |
|
0 |
|a Process control handbooks, manuals, etc.
|
| 650 |
|
4 |
|a Αυτόματος έλεγχος
|
| 650 |
|
4 |
|a Μηχανολογικά εργαλεία
|
| 650 |
|
4 |
|a ΜΗΧΑΝΟΛΟΓΙΚΟΣ ΕΞΟΠΛΙΣΜΟΣ
|
| 700 |
1 |
|
|a Considine, Douglas M.
|
| 700 |
1 |
|
|a McMillan, Gregory K.
|
| 942 |
|
|
|2 ddc
|
| 952 |
|
|
|0 0
|1 0
|2 ddc
|4 0
|6 629_800000000000000_PRO
|7 0
|9 272871
|a MSLG
|b MSLG
|c BSC
|d 2021-01-17
|e 24
|f 0
|g 0.00
|l 0
|o 629.8 PRO
|p 2420000023660
|r 2021-01-17 00:00:00
|t 1
|w 2021-01-17
|y BK15
|x 20090327 0 ΤΣΑΝΤΑΡΛΙΩΤΗ 1
|x GrPaTEI
|
| 971 |
|
|
|a .b25810650
|b 15-04-20
|c 13-09-16
|
| 999 |
|
|
|c 157905
|d 157905
|